[Event "XII Guillermo Garcia Prem I"]
[Site "Santa Clara CUB"]
[Date "2004.05.30"]
[Round "10"]
[White "Bruzon,L"]
[Black "Borges Mateos,J"]
[Result "1-0"]
[WhiteElo "2602"]
[BlackElo "2426"]

1.e4 e6 2.d4 d5 3.Nc3 a6 4.Nf3 Nf6 5.Bd3 c5 6.exd5 exd5 7.Bg5 c4 8.Bxf6 gxf6
9.Be2 Bh6 10.O-O O-O 11.Nh4 Bg5 12.Bg4 Bxh4 13.Bxc8 Qxc8 14.Qh5 Nc6 15.Qxh4 Qf5
16.Rae1 Kh8 17.Nd1 Qg5 18.Qxg5 fxg5 19.c3 h5 20.f4 g4 21.Kf2 Kg7 22.h3 gxh3
23.Rh1 Rae8 24.Ne3 Re4 25.Nxd5 Rxe1 26.Rxe1 hxg2 27.Rg1 f6 28.Rxg2+ Kf7 29.Ne3 b5
30.Nf5 Ke6 31.Ng7+ Kd5 32.Nxh5 Ke4 33.Rg3 b4 34.Re3+ Kf5 35.Kf3 bxc3 36.bxc3 Na7
37.Ng3+ Kg6 38.f5+ Kg7 39.a4  1-0

[Event "XII Guillermo Garcia Prem I"]
[Site "Santa Clara CUB"]
[Date "2004.06.02"]
[Round "12"]
[White "Bruzon,L"]
[Black "Arencibia,W"]
[Result "1/2-1/2"]
[WhiteElo "2602"]
[BlackElo "2505"]

1.d4 d5 2.c4 dxc4 3.Nf3 Nf6 4.e3 e6 5.Bxc4 c5 6.O-O a6 7.a4 Nc6 8.Qe2 cxd4
9.Rd1 Be7 10.exd4 O-O 11.Nc3 Nb4 12.Bg5 Bd7  1/2-1/2

[Event "XII Guillermo Garcia Prem I"]
[Site "Santa Clara CUB"]
[Date "2004.06.03"]
[Round "13"]
[White "Quezada,Y"]
[Black "Bruzon,L"]
[Result "1/2-1/2"]
[WhiteElo "2478"]
[BlackElo "2602"]

1.e4 e5 2.Nf3 Nf6 3.Nxe5 d6 4.Nf3 Nxe4 5.d4 d5 6.Bd3 Nc6 7.O-O Be7 8.c4 Nf6
9.h3 O-O 10.Nc3 Nb4 11.Be2  1/2-1/2

[Event "36th Olympiad"]
[Site "Calvia ESP"]
[Date "2004.10.18"]
[Round "4"]
[White "Tiviakov,S"]
[Black "Bruzon,L"]
[Result "1/2-1/2"]
[WhiteElo "2617"]
[BlackElo "2637"]

1.e4 e5 2.Bc4 Nf6 3.d3 Nc6 4.Nf3 Be7 5.O-O O-O 6.Bb3 d6 7.c3 Na5 8.Bc2 c5
9.Re1 Nc6 10.Nbd2 Re8 11.a3 Bf8 12.b4 g6 13.Ba4 cxb4 14.axb4 Bd7 15.Nc4 h6
16.Be3 Ng4 17.Bd2 a6 18.b5 Na7 19.b6 Bxa4 20.Qxa4 Nc6 21.Ne3 Nxe3 22.Bxe3 Qd7
23.Nd2 d5 24.Nb3 Rad8 25.Bc5 dxe4 26.dxe4 Qc8 27.Red1 Rxd1+ 28.Rxd1 Rd8 29.Rd5 Bxc5
30.Nxc5 Rxd5 31.exd5 Ne7 32.d6 Qxc5 33.Qe8+ Kg7 34.Qxe7  1/2-1/2

[Event "36th Olympiad"]
[Site "Calvia ESP"]
[Date "2004.10.22"]
[Round "7"]
[White "Bruzon,L"]
[Black "Izoria,Z"]
[Result "1/2-1/2"]
[WhiteElo "2637"]
[BlackElo "2600"]

1.e4 c6 2.d4 d5 3.Nd2 dxe4 4.Nxe4 Bf5 5.Ng3 Bg6 6.h4 h6 7.Nf3 Nd7 8.h5 Bh7
9.Bd3 Bxd3 10.Qxd3 e6 11.Bf4 Ngf6 12.O-O-O Qa5 13.Kb1 Be7 14.Ne5 O-O 15.Ne4 Nxe4
16.Qxe4 Rad8 17.g4 Nxe5 18.Bxe5 Bd6 19.f4 Bxe5 20.fxe5 Rd7 21.Rhf1 Qd8 22.a3 Qg5
23.Rd3 Rfd8  1/2-1/2

[Event "36th Olympiad"]
[Site "Calvia ESP"]
[Date "2004.10.23"]
[Round "8"]
[White "Zhang Zhong"]
[Black "Bruzon,L"]
[Result "1/2-1/2"]
[WhiteElo "2596"]
[BlackElo "2637"]

1.e4 e5 2.Nf3 Nc6 3.Bc4 Nf6 4.d3 Be7 5.O-O O-O 6.Bb3 d6 7.c3 Na5 8.Bc2 c5
9.a3 Nc6 10.b4 a6 11.Re1 d5 12.exd5 Nxd5 13.Bb2 Bg4 14.Nbd2 cxb4 15.axb4 Nf4
16.Re3 Bd6 17.Qf1 Rc8 18.Bb3 Bb8 19.Ne4 Be6 20.Ba4 b5 21.Bd1 a5 22.Nc5 axb4
23.Nxe6 Nxe6 24.cxb4 Nxb4 25.Bxe5 Bxe5 26.Rxe5 Qxd3  1/2-1/2

[Event "36th Olympiad"]
[Site "Calvia ESP"]
[Date "2004.10.26"]
[Round "11"]
[White "Bruzon,L"]
[Black "Ponomariov,R"]
[Result "1-0"]
[WhiteElo "2637"]
[BlackElo "2710"]

1.e4 e5 2.Nf3 Nc6 3.Bb5 a6 4.Ba4 Nf6 5.O-O Nxe4 6.d4 b5 7.Bb3 d5 8.dxe5 Be6
9.Be3 Be7 10.c3 Qd7 11.Nbd2 O-O 12.Re1 Rad8 13.Bc2 Bf5 14.Nxe4 Bxe4 15.Bxe4 dxe4
16.Qxd7 Rxd7 17.e6 fxe6 18.Nd2 Ne5 19.Nxe4 Rfd8 20.f3 Bh4 21.Bf2 Bxf2+ 22.Nxf2 Rd5
23.a4 Nc4 24.axb5 axb5 25.Rxe6 Nxb2 26.Rc6 Rd2 27.Rxc7 Rc2 28.h4 Na4 29.Ne4 h6
30.c4 Kh8 31.h5 Rb8 32.Kh2 Rf8 33.Rc6 Nb2 34.cxb5 Rxc6 35.bxc6 Rc8 36.Rc1 Rc7
37.Nd6 Nd3 38.Nb5 Rc8 39.Rc3  1-0

[Event "XIV It"]
[Site "Pamplona ESP"]
[Date "2004.12.23"]
[Round "2"]
[White "Bruzon,L"]
[Black "Vaganian,R"]
[Result "1/2-1/2"]
[WhiteElo "2637"]
[BlackElo "2640"]

1.Nf3 Nf6 2.c4 e6 3.g3 Be7 4.Bg2 O-O 5.O-O d5 6.d4 dxc4 7.Qc2 a6 8.Qxc4 b5
9.Qc2 Bb7 10.Bd2 Ra7 11.Rd1 Be4 12.Qc1 Nbd7 13.Be3 Nd5 14.Nc3 Bxf3 15.Bxf3 c6
16.Bd2 Qb6 17.e4 Nxc3 18.Qxc3 e5 19.dxe5 b4 20.Qb3 Nxe5 21.Be2 Bc5 22.Be1 a5
23.Kg2 g5 24.a3 Re8 25.axb4 axb4 26.f3 h6 27.Rac1 Rb7 28.Rc2 Bd4 29.Ra1 Kg7
30.Ra6 Qc7 31.Bf2 Bxf2 32.Kxf2 Qd6 33.Qe3 Rd7 34.b3  1/2-1/2

[Event "XIV It"]
[Site "Pamplona ESP"]
[Date "2004.12.26"]
[Round "4"]
[White "Bruzon,L"]
[Black "Sutovsky,E"]
[Result "1/2-1/2"]
[WhiteElo "2637"]
[BlackElo "2697"]

1.d4 Nf6 2.c4 g6 3.Nc3 d5 4.Nf3 Bg7 5.cxd5 Nxd5 6.Qb3 Nxc3 7.bxc3 c5 8.e3 O-O
9.Ba3 cxd4 10.Nxd4 Nc6 11.Be2 Na5 12.Qb4 Nc6 13.Qb2 Qb6 14.O-O Qxb2 15.Bxb2 Bd7  1/2-1/2

[Event "XIV It"]
[Site "Pamplona ESP"]
[Date "2004.12.28"]
[Round "6"]
[White "Bruzon,L"]
[Black "Karjakin,Sergey"]
[Result "1/2-1/2"]
[WhiteElo "2637"]
[BlackElo "2576"]

1.d4 d5 2.c4 dxc4 3.Nf3 Nf6 4.e3 e6 5.Bxc4 a6 6.Bd3 c5 7.O-O Nc6 8.Nc3 cxd4
9.exd4 Be7 10.Bg5 O-O 11.Rc1 Nd5 12.Be3 Ncb4 13.Bb1 b5 14.Ne4 Nxe3 15.fxe3 Bb7
16.a3 Bxe4 17.Bxe4 Nd5 18.Qb3 Bg5 19.Rfe1 Qe7 20.Bxd5 exd5 21.Qxd5 Qxe3+
22.Rxe3 Bxe3+ 23.Kf1 Bxc1 24.Qb3 Bf4 25.g3 Bd6 26.Qd5 Rfd8 27.Ng5 Ra7 28.Qe4 g6
29.Qh4 h5 30.g4 Rc7 31.gxh5 Rc1+ 32.Ke2 Rc2+ 33.Kd3 Rxh2 34.Nh3 Be7 35.Qxe7 Rxh3+
36.Ke4 f5+ 37.Kf4 Rxd4+ 38.Kg5 Rg4+ 39.Kf6 gxh5  1/2-1/2

[Event "XIV It"]
[Site "Pamplona ESP"]
[Date "2004.12.29"]
[Round "7"]
[White "De la Riva Aguado,O"]
[Black "Bruzon,L"]
[Result "1/2-1/2"]
[WhiteElo "2528"]
[BlackElo "2637"]

1.e4 e5 2.Nf3 Nc6 3.Bb5 a6 4.Ba4 Nf6 5.O-O Be7 6.Re1 b5 7.Bb3 d6 8.c3 O-O
9.d4 Bg4 10.d5 Na5 11.Bc2 Qc8 12.Nbd2 c6 13.b4 Nb7 14.dxc6 Qxc6  1/2-1/2

[Event "Capablanca Mem Elite"]
[Site "Havana CUB"]
[Date "2005.05.11"]
[Round "6"]
[White "Bruzon,L"]
[Black "Arencibia,W"]
[Result "1-0"]
[WhiteElo "2669"]
[BlackElo "2530"]

1.e4 d6 2.d4 Nf6 3.Nc3 g6 4.g3 Bg7 5.Bg2 O-O 6.Nge2 Nbd7 7.O-O c5 8.h3 Rb8
9.Be3 b6 10.a4 cxd4 11.Bxd4 Bb7 12.g4 Ne5 13.g5 Nh5 14.b3 f6 15.gxf6 Nxf6
16.Qd2 Rc8 17.Rac1 e6 18.Ng3 Nf7 19.Rfd1 Qe7 20.Qe1 Bc6 21.Be3 Nd7 22.Nce2 Nc5
23.Nd4 Bxd4 24.Rxd4 e5 25.Rd2 Ne6 26.Rcd1 Qh4 27.f3 Nfg5 28.Bxg5 Nxg5 29.Rd3 Bd7
30.c4 Bxh3 31.Nf1 Qh5 32.Qg3 Rf4 33.Nh2 Rcf8 34.Bh1 Ne6 35.Rxd6 Nd4 36.R1xd4 exd4
37.Rd5 Qh6 38.Bg2 Be6 39.Rxd4 Qg7 40.Rd3 Qe5 41.Nf1 Kg7 42.Qe1 Qc5+ 43.Kh1 g5
44.Ne3 R8f6 45.Qc3 a5 46.Rd4 Kf7 47.Kg1 h5 48.Nc2 g4 49.Ne1 gxf3 50.Nxf3 Bg4
51.Ne5+ Qxe5 52.Rd7+ Bxd7 53.Qxe5 Kg6 54.Qc7 Bg4 55.e5 Rf7 56.Qd6+ Kg7 57.Bd5 Rd7
58.Qxb6 Bf5 59.Qe3 Rg4+ 60.Kf2 Re7 61.c5 Be6 62.Bxe6 Rxe6 63.Kf3 Reg6 64.Qd2  1-0

[Event "Capablanca Mem Elite"]
[Site "Havana CUB"]
[Date "2005.05.16"]
[Round "11"]
[White "Delgado,N"]
[Black "Bruzon,L"]
[Result "1/2-1/2"]
[WhiteElo "2567"]
[BlackElo "2669"]

1.e4 e6 2.d4 d5 3.Nd2 dxe4 4.Nxe4 Nd7 5.Nf3 Ngf6 6.Nxf6+ Nxf6 7.c3 c5 8.Be3 Qc7
9.Bd3 Bd6 10.O-O Bd7 11.dxc5 Bxc5 12.Bxc5 Qxc5 13.Re1 O-O 14.Ne5 Bc6 15.Qc2 Rad8
16.Rad1 Rc8 17.b4 Qe7 18.a3 b6 19.Rd2 Ba8 20.c4 Rfd8 21.Red1 Qc7 22.f4 h6
23.h3 Kf8 24.Be2 Rxd2 25.Qxd2 Kg8 26.Qd4 Qe7 27.Kh2 Qc7 28.Bd3 Kf8 29.Bc2 Bc6
30.Rd2 Be8 31.Kg1 Qe7 32.g4 Ng8 33.Kg2 Qc7 34.Bb3 Ne7 35.Qd6 Qxd6 36.Rxd6 Nc6
37.Nxc6 Bxc6+ 38.Kf2 Ke7 39.Rd2 g5 40.fxg5 hxg5 41.Kg3 Rh8 42.Bc2 Rh6 43.Re2 Rf6
44.Be4 Bxe4 45.Rxe4 Rf1 46.c5 Ra1 47.Re3 bxc5 48.bxc5 Rc1 49.Rb3 Kf6 50.Rb7 Rc3+
51.Kg2 Rxa3 52.c6 Rc3 53.c7 a5 54.Ra7 a4 55.Rxa4 Rxc7 56.h4 gxh4 57.Kh3 Kg5
58.Ra5+ f5 59.gxf5 Rc3+ 60.Kg2 exf5 61.Ra4 Rg3+ 62.Kh2 Re3 63.Kg2 Re4 64.Ra8 Re2+
65.Kf3 Re6 66.Rg8+ Rg6 67.Rh8 Rh6 68.Rg8+ Kf6 69.Rf8+ Kg6 70.Kg2 h3+ 71.Kh2 Kg5
72.Rg8+ Kf4 73.Ra8 Kg4 74.Rg8+ Kf3 75.Ra8 f4 76.Ra3+ Kg4 77.Ra8 Rf6 78.Rg8+ Kf3
79.Ra8 Re6 80.Ra7 Kf2 81.Kxh3 f3 82.Ra2+ Re2 83.Ra1 Ke3 84.Ra3+ Kf4 85.Ra4+ Re4
86.Ra8 Rd4 87.Rf8+ Ke3 88.Kg3  1/2-1/2

[Event "Capablanca Mem Elite"]
[Site "Havana CUB"]
[Date "2005.05.18"]
[Round "13"]
[White "Arencibia,W"]
[Black "Bruzon,L"]
[Result "0-1"]
[WhiteElo "2530"]
[BlackElo "2669"]

1.d4 Nf6 2.c4 e6 3.Nf3 d5 4.Nc3 c6 5.Bg5 Nbd7 6.cxd5 exd5 7.e3 Be7 8.Bd3 O-O
9.O-O Re8 10.Qc2 Nf8 11.h3 g6 12.Bxf6 Bxf6 13.b4 Be6 14.Rab1 Rc8 15.Rfc1 Nd7
16.Na4 a6 17.Nc5 Nxc5 18.bxc5 Rc7 19.Rb3 Bc8 20.Nh2 Qe7 21.Kh1 Qf8 22.Rg1 Kh8
23.g4 Bd8 24.Qd2 Rce7 25.Bc2 Bc7 26.f4 Qh6 27.Qf2 g5 28.fxg5 Qxh3 29.Qf6+ Kg8
30.Qh6 Qxh6 31.gxh6 Rxe3 32.Nf3 Rxb3 33.axb3 Re6 34.g5 Re3 35.Re1 Rxe1+ 36.Nxe1 Bf4
37.Nf3 f6 38.gxf6 Kf7 39.Bxh7 Kxf6 40.Kg2 Bxh6 41.Bc2 Be3  0-1

[Event "American Continental"]
[Site "Buenos Aires ARG"]
[Date "2005.08.06"]
[Round "1"]
[White "Critelli,J"]
[Black "Bruzon,L"]
[Result "0-1"]
[WhiteElo "2318"]
[BlackElo "2662"]

1.e4 c5 2.Nf3 e6 3.d4 cxd4 4.Nxd4 a6 5.c4 Nf6 6.Nc3 Bb4 7.Bd3 Nc6 8.Nxc6 dxc6
9.O-O e5 10.Kh1 Qe7 11.f4 Bg4 12.Qe1 O-O-O 13.Bc2 Be6 14.Qe2 Rd4 15.Na4 Kb8
16.b3 Rhd8 17.f5 Bc8 18.Qf3 b5 19.Nb2 Bd2 20.Bd3 Bc3 21.Bc2 b4 22.Rb1 Bb7
23.Be3 c5 24.Bg5 Bc6 25.Nd1 Bd2 26.Bxf6 Qxf6 27.Nf2 Bc3 28.Ng4 Qd6 29.f6 g6
30.Ne3 Rd2 31.Rbd1 Rxd1 32.Rxd1 Bd4 33.Nd5 h5 34.Rf1 Bd7 35.Qg3 Kb7 36.Qh4 Rh8
37.h3 a5 38.Rf3 Qf8 39.Qg5 h4 40.Rf1 Qa8 41.Bd1 a4 42.Bg4 axb3 43.axb3 Bc6
44.Qd2 Qa3 45.Qc2 Ra8 46.Ne7 Kc7 47.Be6 Qa1 48.Qe2 Ra2 49.Qe1 Qb2 50.Rg1 Bxg1
51.Qxg1 Ra1  0-1

[Event "American Continental"]
[Site "Buenos Aires ARG"]
[Date "2005.08.08"]
[Round "3"]
[White "Sunye Neto,J"]
[Black "Bruzon,L"]
[Result "0-1"]
[WhiteElo "2530"]
[BlackElo "2662"]

1.c4 e6 2.Nf3 d5 3.b3 Nf6 4.Bb2 Be7 5.g3 O-O 6.Bg2 b6 7.O-O Bb7 8.e3 Nbd7
9.Nc3 c5 10.Qe2 Rc8 11.d3 a6 12.Rac1 Rc7 13.Rfe1 Qb8 14.e4 d4 15.Nb1 e5 16.Bh3 Ne8
17.Rc2 Bf6 18.Bc1 Nd6 19.Nbd2 g6 20.a3 Bg7 21.Bxd7 Rxd7 22.b4 Qc8 23.bxc5 bxc5
24.Nh4 f5 25.f3 Rdf7 26.Nb3 Qc7 27.a4 Bc8 28.Ba3 Nb7 29.Bc1 Bd7 30.Ra2 fxe4
31.fxe4 Bh3 32.Ng2 Nd8 33.Bd2 Ne6 34.Raa1 Rf2  0-1

[Event "American Continental"]
[Site "Buenos Aires ARG"]
[Date "2005.08.09"]
[Round "4"]
[White "Bruzon,L"]
[Black "Milos,G"]
[Result "1-0"]
[WhiteElo "2662"]
[BlackElo "2606"]

1.e4 c5 2.Nf3 d6 3.d4 cxd4 4.Nxd4 Nf6 5.Nc3 Nc6 6.Bg5 e6 7.Qd2 a6 8.O-O-O Bd7
9.f3 Be7 10.Be3 b5 11.Kb1 Ne5 12.a3 Qb8 13.g4 b4 14.axb4 Qxb4 15.g5 Rb8 16.b3 Nh5
17.Na2 Qxd2 18.Bxd2 Ra8 19.Rg1 h6 20.gxh6 gxh6 21.Nb4 a5 22.Na6 Kf8 23.Nc7 Rc8
24.Ncb5 Bxb5 25.Bxb5 Bd8 26.f4 Bb6 27.fxe5 Bxd4 28.exd6 Bxg1 29.Rxg1 Rb8
30.c4 e5 31.Bxa5 Nf6 32.Bc7 Rb7 33.Kb2 Nxe4 34.Bc6 Rxc7 35.dxc7 Nd6 36.c5 Nc8
37.Rd1  1-0

[Event "American Continental"]
[Site "Buenos Aires ARG"]
[Date "2005.08.12"]
[Round "7"]
[White "Ivanov,AV USA"]
[Black "Bruzon,L"]
[Result "1/2-1/2"]
[WhiteElo "2566"]
[BlackElo "2662"]

1.e4 c5 2.Nf3 e6 3.c3 Nf6 4.e5 Nd5 5.g3 Nc6 6.Bg2 d6 7.exd6 Bxd6 8.d4 cxd4
9.Nxd4 Nxd4 10.Qxd4 O-O 11.O-O Qc7 12.Nd2 Bd7 13.Ne4 Be5 14.Qc5 Qb8 15.f4 Bc7
16.Kh1 Bb6 17.Qd6 Bc6 18.c4 Qxd6 19.Nxd6 Nf6 20.Nxb7 Bxg2+ 21.Kxg2 Rab8 22.c5 Rxb7
23.cxb6 axb6 24.Be3 Nd5 25.Kf3 f6 26.Rfd1 Ra8 27.a3 Kf7 28.f5 Nxe3  1/2-1/2

[Event "American Continental"]
[Site "Buenos Aires ARG"]
[Date "2005.08.13"]
[Round "8"]
[White "Bruzon,L"]
[Black "Ibragimov,I"]
[Result "1-0"]
[WhiteElo "2662"]
[BlackElo "2605"]

1.Nf3 Nf6 2.c4 b6 3.d4 e6 4.g3 Ba6 5.b3 d5 6.cxd5 exd5 7.Bg2 Bb4+ 8.Bd2 Bxd2+
9.Qxd2 Ne4 10.Qb2 O-O 11.O-O Re8 12.Re1 c5 13.dxc5 bxc5 14.Nfd2 Qa5 15.Qa3 Qxa3
16.Nxa3 Nd7 17.Nxe4 dxe4 18.Rac1 f5 19.Nc2 Rac8 20.Ne3 g6 21.Rc2 Nf8 22.Rd1 Red8
23.Rxd8 Rxd8 24.f3 Ne6 25.fxe4 f4 26.Nd5 Nd4 27.Rxc5 Nxe2+ 28.Kf2 fxg3+ 29.hxg3 Rf8+
30.Ke3 Nxg3 31.Ra5 Bf1 32.Bxf1 Nxf1+ 33.Kd4 Rf7 34.e5 Ng3 35.e6 Rb7 36.Ke5 Nf5
37.Kf6 Nd6 38.Ra4 g5 39.Ke5 Ne8 40.Rc4 Rb8 41.Ra4 Kg7 42.Rxa7+ Kg6 43.Rf7 h5
44.Rf8 h4 45.Rg8+ Kh6 46.e7 Ra8 47.a4 h3 48.Rh8+ Kg6 49.Rxh3 Ra5 50.Rh8 Kf7
51.Rf8+  1-0

[Event "American Continental"]
[Site "Buenos Aires ARG"]
[Date "2005.08.14"]
[Round "9"]
[White "Spraggett,K"]
[Black "Bruzon,L"]
[Result "0-1"]
[WhiteElo "2592"]
[BlackElo "2662"]

1.e4 e5 2.Nf3 Nc6 3.Bb5 Nf6 4.Nc3 Bd6 5.d3 a6 6.Ba4 h6 7.Ne2 O-O 8.Ng3 Re8
9.a3 b5 10.Bb3 Bf8 11.O-O d6 12.Bd2 Be6 13.Bxe6 Rxe6 14.c4 bxc4 15.dxc4 Nd4
16.Ba5 Nxf3+ 17.Qxf3 Qb8 18.Rab1 Qb7 19.Rfe1 c6 20.Qe2 g6 21.Red1 Rb8 22.Nf1 d5
23.exd5 cxd5 24.cxd5 Nxd5 25.Qe4 Nf4 26.Qxb7 Rxb7 27.Rd8 Kg7 28.Nd2 Rc6 29.g3 Ne6
30.Rd5 f6 31.b4 Kf7 32.Nb3 Rc2 33.h4 Ra2 34.Ra1 Rxa1+ 35.Nxa1 Nd4 36.Bd8 Rb8
37.Ba5 Rc8 38.Rd7+ Ke6 39.Rc7 Rxc7 40.Bxc7 Nb5  0-1

[Event "American Continental"]
[Site "Buenos Aires ARG"]
[Date "2005.08.16"]
[Round "11"]
[White "Felgaer,R"]
[Black "Bruzon,L"]
[Result "1/2-1/2"]
[WhiteElo "2618"]
[BlackElo "2662"]

1.e4 e6 2.d4 d5 3.Nc3 dxe4 4.Nxe4 Nd7 5.Nf3 Ngf6 6.Bg5 h6 7.Bh4 Be7 8.Nxf6+ Bxf6
9.Bxf6 Qxf6 10.Qd2 O-O 11.Qe3 b6 12.Bb5 Rd8 13.Bc6 Rb8 14.O-O-O Bb7 15.Ne5 Nxe5
16.dxe5 Qe7 17.Rxd8+ Qxd8 18.Rd1 Qc8 19.Qe4 Bxc6 20.Qxc6 Qa6 21.Qxc7 Rf8  1/2-1/2

[Event "2nd Samba Cup"]
[Site "Skanderborg DEN"]
[Date "2005.10.16"]
[Round "3"]
[White "Zhang Pengxiang"]
[Black "Bruzon,L"]
[Result "1/2-1/2"]
[WhiteElo "2613"]
[BlackElo "2677"]

1.e4 e5 2.Nf3 Nc6 3.d4 exd4 4.Nxd4 Bc5 5.Be3 Qf6 6.c3 Nge7 7.Bc4 O-O 8.O-O Bb6
9.Na3 Qg6 10.Re1 Ne5 11.f4 d5 12.fxe5 dxc4 13.Nxc4 Be6 14.Nxb6 axb6 15.Bf4 Rad8
16.Qc2 Qg4 17.Bg3 Rd7 18.Qf2 Re8 19.h3 Qh5 20.Qf3 Qxf3 21.Nxf3 Rd3 22.Red1 Red8
23.Rxd3 Rxd3 24.Kf2 Nc6 25.Ke2 Rd8 26.Ke3 Ra8 27.Nd4 Na5 28.Kd3 Rd8 29.Kc2 Nc6
30.Rd1 Kf8 31.Bh4 Rc8 32.Nxc6 bxc6 33.Rd8+ Rxd8 34.Bxd8 b5 35.b3 Ke8 36.Bxc7 c5
37.Bd6 c4 38.b4 Kd7 39.Kd2 Kc6 40.Ke3 g6 41.Kf4 h5 42.Kg5 Kd7 43.Kf6 Ke8
44.Kg5 Kd7 45.Kf4 Kc6 46.Ke3 Kb7 47.Kd4 Kc6 48.Be7 Kb6 49.Bd8+ Kc6 50.a3 Bc8
51.e6 Bxe6 52.Ke5 Kd7 53.Bh4 Kc6 54.Kf6 Kd7 55.Bg5 Ke8 56.Kg7 Bd7 57.Kf6 Be6
58.Ke5  1/2-1/2

[Event "2nd Samba Cup"]
[Site "Skanderborg DEN"]
[Date "2005.10.20"]
[Round "6"]
[White "Nisipeanu,LD"]
[Black "Bruzon,L"]
[Result "1-0"]
[WhiteElo "2707"]
[BlackElo "2677"]

1.e4 e5 2.Nf3 Nc6 3.Bb5 a6 4.Bxc6 dxc6 5.O-O f6 6.d4 Bg4 7.c3 Bd6 8.Be3 Ne7
9.Nbd2 O-O 10.h3 Bh5 11.Nc4 h6 12.dxe5 fxe5 13.Ncxe5 Qe8 14.Ng4 Ng6 15.Nd4 Kh8
16.Qc2 Bxg4 17.hxg4 Qe5 18.g3 Rae8 19.Rae1 Qxe4 20.Qxe4 Rxe4 21.f4 Kg8 22.Bf2 Rfe8
23.Rxe4 Rxe4 24.Kg2 Nf8 25.Rd1 Kf7 26.Kf3 Re7 27.Nf5 Rd7 28.c4 c5 29.Be1 Ne6
30.Bc3 Rd8 31.a4 Kf8 32.Rd5 Kf7 33.Ke4 Kf8 34.Be5 Bxe5 35.Rxd8+ Nxd8 36.Kxe5 Nc6+
37.Ke6 Nb4 38.Kd7 Nd3 39.b3 g6 40.Nxh6 c6 41.Kc7 b5 42.Kxc6  1-0

[Event "2nd Samba Cup"]
[Site "Skanderborg DEN"]
[Date "2005.10.22"]
[Round "8"]
[White "Hansen,Cu"]
[Black "Bruzon,L"]
[Result "1/2-1/2"]
[WhiteElo "2607"]
[BlackElo "2677"]

1.c4 e5 2.g3 Nf6 3.Bg2 h6 4.Nc3 Bb4 5.Nd5 Nxd5 6.cxd5 O-O 7.e3 c6 8.Qb3 Ba5
9.Ne2 d6 10.O-O c5 11.d4 Nd7 12.Qc2 b5 13.dxe5 Nxe5 14.f4 Nd7 15.Bd2 Bb6
16.e4 Re8 17.Kh1 Bb7 18.g4 Bxd5 19.exd5 Rxe2 20.Qd3 Re8 21.Qxb5 Nf6 22.g5 Ne4
23.Bxe4 Rxe4 24.Rae1 Rxe1 25.Rxe1 Qc8 26.Qd3 hxg5 27.fxg5 Qg4 28.Qe4 Qh5
29.Kg2 Rf8 30.h3 Bd8 31.h4 f6 32.Qe6+ Kh8 33.Qf5 Kg8 34.Qe6+ Kh8 35.Qf5 Kg8
36.Qe6+ Kh8  1/2-1/2

[Event "2nd Samba Cup"]
[Site "Skanderborg DEN"]
[Date "2005.10.23"]
[Round "9"]
[White "Bruzon,L"]
[Black "Timofeev,Arty"]
[Result "1/2-1/2"]
[WhiteElo "2677"]
[BlackElo "2658"]

1.c4 Nf6 2.Nc3 d5 3.cxd5 Nxd5 4.g3 c5 5.Bg2 Nc7 6.Nf3 Nc6 7.a3 e6 8.O-O Be7
9.e3 Qd3 10.Qe2 Qxe2 11.Nxe2 Rb8 12.d4 b6 13.Bd2 Ba6 14.Rfe1 O-O 15.Rac1  1/2-1/2

[Event "World Team Ch"]
[Site "Beer Sheva ISR"]
[Date "2005.11.08"]
[Round "7"]
[White "Bruzon,L"]
[Black "Ivanchuk,V"]
[Result "0-1"]
[WhiteElo "2677"]
[BlackElo "2748"]

1.e4 c5 2.Nf3 d6 3.d4 cxd4 4.Nxd4 Nf6 5.Nc3 a6 6.Be2 e5 7.Nb3 Be7 8.g4 h6
9.Be3 Be6 10.Rg1 Nc6 11.Nd5 Rc8 12.Bf3 Bxd5 13.exd5 Na5 14.Nd2 Nc4 15.Nxc4 Rxc4
16.Be2 Re4 17.Qd2 Nd7 18.Bd3 Rxe3+ 19.fxe3 Bh4+ 20.Ke2 e4 21.Bxe4 O-O 22.Raf1 Re8
23.Bf5 Ne5 24.Qb4 b5 25.Bd3 Bg5 26.Rg3 Qb6 27.Qe4 g6 28.Kd1 b4 29.Kc1 a5
30.Kb1 a4 31.Qd4 Qa5 32.e4 b3 33.Be2 bxa2+ 34.Kxa2 Rb8 35.Ra3 Rb4 36.Qc3 Qb6
37.Bd3 Be3 38.Rb1 Bc5 39.b3 axb3+ 40.Rbxb3 Kg7 41.Rxb4 Bxb4 42.Qb2 Qc5 43.Ra4 Be1
44.h3 Bf2 45.Ra8 Kf6 46.Qa3 Qc7 47.Qb4 Bb6 48.Kb3 Kg5 49.Qd2+ Kh4 50.Ka2 Bc5
51.Qa5 Qxa5+ 52.Rxa5 Kxh3 53.Be2 Kg3 54.Ra8 Kf4 55.Rh8 Kxe4 56.Rxh6 Kxd5
57.Kb3 Ke4 58.Rh7 Kf4 59.Kc3 d5 60.Rh8 Ke3 61.Re8 Bd4+ 62.Kb4 Kxe2 63.c3 Kd3
64.cxd4 Kxd4 65.g5 Nf3 66.Re7 Nxg5 67.Kb5 Ne4 68.Kc6 f5 69.Rd7 Nf6 70.Rg7 Ng4
71.Kd6 Ne5 72.Ke6 f4 73.Rg8 Ke4 74.Rd8 f3 75.Rxd5 f2 76.Rd1 g5 77.Rf1  0-1

[Event "Young Masters"]
[Site "Cuernavaca MEX"]
[Date "2006.02.04"]
[Round "2"]
[White "Felgaer,R"]
[Black "Bruzon,L"]
[Result "1/2-1/2"]
[WhiteElo "2607"]
[BlackElo "2650"]

1.e4 c5 2.Nf3 e6 3.d4 cxd4 4.Nxd4 Qb6 5.Nb3 Qc7 6.g3 d6 7.Bg2 Nc6 8.O-O Be7
9.c4 Nf6 10.Nc3 O-O 11.Bf4 Ne5 12.Rc1 Bd7 13.Nb5 Qb8 14.Qd4 a6 15.Na3 Ng6
16.Bd2 b6 17.Be3 Bd8 18.Rfd1 Bc7 19.Bg5 Ng4 20.h3 h6 21.Bd2 Nf6 22.Bb4 Bc6
23.Bxd6 Bxd6 24.Qxd6 Bxe4 25.f3 Bb7 26.Qxb8 Raxb8 27.Rd6 Ba8 28.c5 bxc5 29.Rxc5 Bd5
30.Nc4 Rfc8 31.Rxc8+ Rxc8 32.Ne3 Bxb3 33.axb3 Rc1+ 34.Kf2 Ne7 35.Bf1 Nfd5
36.Bd3 g5 37.Nxd5 Nxd5 38.Rxa6 Rd1 39.Be4 Rd2+ 40.Ke1 Rxb2 41.Bxd5 exd5 42.Rxh6 Rxb3
43.Ke2 Kg7 44.Rd6 Rb2+ 45.Ke3 Rb3+ 46.Ke2 Rb2+  1/2-1/2

[Event "Young Masters"]
[Site "Cuernavaca MEX"]
[Date "2006.02.05"]
[Round "3"]
[White "Bruzon,L"]
[Black "Vallejo Pons,F"]
[Result "1/2-1/2"]
[WhiteElo "2650"]
[BlackElo "2650"]

1.c4 Nf6 2.Nc3 e6 3.Nf3 d5 4.d4 dxc4 5.e3 a6 6.a4 c5 7.Bxc4 Nc6 8.O-O Be7
9.Qe2 cxd4 10.Rd1 e5 11.exd4 exd4 12.Nxd4 Nxd4 13.Qe5 Qd6 14.Qxd4 Qxd4 15.Rxd4 Be6
16.Bxe6 fxe6 17.Rc4 Kd7 18.Bf4 Rhc8 19.Rd4+ Ke8 20.Be5 Rc6 21.Rad1 Rd8 22.Kf1 Rxd4
23.Bxd4 Rc4 24.Ke2 Rb4 25.Kd3 Rxb2 26.Nd5 Ra2 27.Nxe7 Kxe7 28.Rb1 Ra3+ 29.Ke2 Rxa4
30.Rxb7+ Nd7 31.Bxg7 Rg4 32.Bf8+ Kxf8 33.Rxd7 Rxg2 34.Rxh7 Rg5  1/2-1/2

[Event "Young Masters"]
[Site "Cuernavaca MEX"]
[Date "2006.02.07"]
[Round "5"]
[White "Bruzon,L"]
[Black "Cheparinov,I"]
[Result "0-1"]
[WhiteElo "2650"]
[BlackElo "2625"]

1.c4 c5 2.Nc3 Nc6 3.g3 g6 4.Bg2 Bg7 5.a3 b6 6.e3 Bxc3 7.bxc3 Bb7 8.h4 Nf6
9.d3 d6 10.e4 Qd7 11.Bg5 h6 12.Bh3 Qc7 13.Bxf6 exf6 14.Qd2 f5 15.exf5 O-O-O
16.Rh2 Kb8 17.Bg2 Na5 18.Rd1 Bxg2 19.Rxg2 d5 20.cxd5 Rxd5 21.fxg6 fxg6 22.Qf4 Re5+
23.Kf1 g5 24.Qf6 Rhe8 25.hxg5 Qd7 26.Rh2 Rf5 27.Qg6 Nc4 28.Kg2 Ne5 29.Qh5 Ng4  0-1

[Event "Young Masters"]
[Site "Cuernavaca MEX"]
[Date "2006.02.08"]
[Round "6"]
[White "Ponomariov,R"]
[Black "Bruzon,L"]
[Result "1-0"]
[WhiteElo "2723"]
[BlackElo "2650"]

1.e4 c5 2.Nf3 e6 3.Nc3 a6 4.d4 cxd4 5.Nxd4 b5 6.Bd3 Qb6 7.Nf3 Bb7 8.O-O Nc6
9.a4 b4 10.a5 Qc7 11.Na4 Nf6 12.Be3 Be7 13.Bb6 Qb8 14.Qe2 O-O 15.Nc5 Bxc5
16.Bxc5 Rc8 17.Bb6 Ne5 18.Nxe5 Qxe5 19.b3 Qc3 20.Qe1 e5 21.Ra4 d5 22.f3 dxe4
23.fxe4 Bc6 24.Rxb4 Bb5 25.Qxc3 Rxc3 26.Bxb5 axb5 27.Rf2  1-0

[Event "Gran Abierto Mexicano"]
[Site "Morelia MEX"]
[Date "2006.02.18"]
[Round "4"]
[White "Dominguez Aguilar,G"]
[Black "Bruzon,L"]
[Result "0-1"]
[WhiteElo "2342"]
[BlackElo "2650"]

1.e4 c5 2.Nf3 e6 3.d4 cxd4 4.Nxd4 a6 5.Bd3 Nf6 6.O-O d6 7.c4 Nbd7 8.Nc3 Qc7
9.b3 Be7 10.Bb2 O-O 11.Rc1 Re8 12.Kh1 b6 13.f4 Bb7 14.Bb1 Bf8 15.Qf3 Qc5
16.Nd5 Rad8 17.b4 Qc8 18.e5 exd5 19.cxd5 Bxd5 20.Qh3 Qb7 21.exf6 Nxf6 22.Nc6 Re2
23.Bxf6 Bxg2+ 24.Qxg2 Rxg2 25.Be4 gxf6 26.Bxg2 Re8 27.Rg1 Kh8 28.Rc3 Qd7
29.Bh3 f5 30.Nd4 Bg7  0-1

[Event "Gran Abierto Mexicano"]
[Site "Morelia MEX"]
[Date "2006.02.19"]
[Round "6"]
[White "Gareev,T"]
[Black "Bruzon,L"]
[Result "1/2-1/2"]
[WhiteElo "2515"]
[BlackElo "2650"]

1.d4 Nf6 2.Nf3 e6 3.c4 d5 4.Nc3 c6 5.Bg5 Nbd7 6.e3 Qa5 7.Nd2 dxc4 8.Bxf6 Nxf6
9.Nxc4 Qc7 10.g3 Be7 11.Bg2 O-O 12.O-O Rd8 13.Qe2 Bd7 14.Ne5 Be8 15.Nd3 Rac8
16.Ne4  1/2-1/2

[Event "Gran Abierto Mexicano"]
[Site "Morelia MEX"]
[Date "2006.02.19"]
[Round "7"]
[White "Bruzon,L"]
[Black "Gonzalez Zamora,J"]
[Result "1-0"]
[WhiteElo "2650"]
[BlackElo "2522"]

1.e4 c5 2.Nf3 Nc6 3.d4 cxd4 4.Nxd4 Nf6 5.Nc3 d6 6.Bg5 e6 7.Qd2 a6 8.O-O-O Bd7
9.f3 h6 10.Be3 Be7 11.g4 b5 12.Bd3 b4 13.Nce2 d5 14.Nxc6 Bxc6 15.Nd4 Qc7
16.e5 Nd7 17.f4 Nc5 18.f5 O-O-O 19.Rhf1 Bb7 20.fxe6 fxe6 21.Rf7 Rd7 22.Rxg7 Qxe5
23.Rg6 Bf6 24.Kb1 Bg7 25.Re1 a5 26.Qc1 Rc7 27.Nxe6 Nxd3 28.cxd3 Rxc1+ 29.Rxc1+ Kd7
30.Bd4 Qxe6 31.Rxg7+ Ke8 32.Rxb7 Rg8 33.h3 h5 34.Bf2 Rg5 35.Rcc7 Kd8 36.Bh4 Qe3
37.Bxg5+ Qxg5 38.Rg7  1-0